| 000 | 01220cad a22002535a 4500 | ||
|---|---|---|---|
| 001 | E146948 | ||
| 008 | 090317s2009 xxk f s000 0 eng d | ||
| 020 | _a9780755980154 | ||
| 035 | _a(Sirsi) u146948 | ||
| 041 | 0 | _aeng | |
| 050 | 0 | 4 | _a306.1 $2 18 |
| 110 | 2 |
_aScotland _bScottish Government _95344 |
|
| 245 | 0 | 0 |
_aAre you in danger of losing your home? _bhelp is at hand _h[electronic resource] |
| 260 |
_aEdinburgh _bScottish Government _c2009 |
||
| 520 | _aDescribes how the Scottish Government's Mortgage to Rent and Mortgage to Shared Equity Schemes work, and sets out the conditions which have to be met before assistance can be given. Also offers advice on steps that those having difficulties in paying their mortgage should take. The Schemes are part of the Scottish Government's Home Owners' Support Fund. | ||
| 521 | _aIntroductory | ||
| 590 | _aKA | ||
| 650 | 2 | 4 | _aMORTGAGE TO RENT SCHEMES |
| 650 | 2 | 4 | _aMORTGAGE TO SHARED EQUITY SCHEMES |
| 651 | 4 |
_aScotland _y1999- |
|
| 690 | _aPROPERTY-RESIDENTIAL PROPERTY-DOMESTIC RESIDENTIAL PROPERTY-HOUSING | ||
| 856 | 4 | 0 |
_uhttps://www.scotland.gov.uk/Publications/2009/03/12150923/0 _zView the leaflet free of charge at www.scotland.gov.uk... |
| 942 | _n0 | ||
| 999 |
_c109369 _d109369 |
||